000 00391nam a22001337a 4500
003 SGT
020 _a9789386871367
082 _a080
_bB18V
100 _aवर्मा, ओमप्रकाश
245 _aभगनी निवेदिता और भारतीय नवजागरण
260 _bविद्या विहार
_c2018
300 _a119
942 _2ddc
_cBK
999 _c31620
_d31620